00898nam a2200253 i 450000100060000000300090000600500170001500700030003200800410003502000180007604000220009408000140011624501120013026001300024230000320037249000250040450400340042965000450046370000240050870000210053271000330055383000250058685200330061118367ES-MaACL20250827222021.0t|011106s2000 sp ||||0| spa j a84-8373-293-9 aM-BN bspa cM-BN a330.342.303aLa nueva economía política de la globalización / cpor Joaquín Arriola y Diego Guerrero (editores). a[Bilbao] : bUniversidad del País Vasco, Servicio Editorial = Euskal Herriko Unibertsitatea, Argitalpen Zerbitzua, c[2000] a370 p : bgráf ; c24 cm.1 aEconomía y empresa aBibliografía: p. [359]-370. 4aGlobalización-xAspectos económicos.1 aArriola, Joaquín.1 aGuerrero, Diego.2 aUniversidad del País Vasco0 aEconomía y empresa aES-MaACLjL-25031 bR.130474